000 00883cab a22001815a 4500
001 L147527
008 090520e2009 xxk 000 0 eng d
035 _a(Sirsi) u147527
041 0 _aeng
100 1 _aField, Duncan
245 0 3 _aAn emerging challenge
260 _c2009
490 _aEstates Gazette
_v(0918) 9 May 2009, 79(1)
520 _aThe Infrastructure Planning Commission (IPC) established under the Planning Act 2008, is due to receive its first applications for development consent for nationally significant infrastructure projects (NSIPs) in April 2009. Its objectives include the scrutiny of National Policy Statements (NPSs), pre-application consultations and effectiveness of their hearings with reliance on written rather than personal representation.
590 _aKA
700 1 _aENVIRONMENTAL AND LAND CONSULTANCY-PLANNING AND DEVELOPMENT
942 _n0
999 _c81561
_d81561